Estudio para la ampliación del servicio de red de comunicaciones por medio de tecnología inalámbrica para uso del parque tecnológico UNI.
El proyecto de ampliación de los servicios de red de tecnología inalámbrica, será parte de los servicios básicos que se brindaran a los usuarios del parque tecnológico para el desarrollo de las actividades de transferencia de tecnología e innovación.
| Main Authors: | , |
|---|---|
| Other Authors: | |
| Format: | Tesis Section = Libro |
| Language: | Undetermined Spanish |
| Published: |
Managua
UNI
2013
|
| Subjects: |
| LEADER | 01320nam a2200265Ia 4500 | ||
|---|---|---|---|
| 008 | 240830s9999 xx 000 0 und d | ||
| 040 | |a BIBLIOTECA-RUPAP Mon 621.382 H218 | ||
| 041 | |a spa | ||
| 082 | |a Mon 621.382 H218 | ||
| 100 | 1 | |a Hamilton Aragón, Melvin Alberto | |
| 100 | 1 | |b Flores Gavarrete, Ángel José | |
| 245 | 1 | 0 | |a Estudio para la ampliación del servicio de red de comunicaciones por medio de tecnología inalámbrica para uso del parque tecnológico UNI. |
| 260 | |a Managua |b UNI |c 2013 | ||
| 300 | |a 135 p. :il. | ||
| 500 | |a Contiene: anexos e Incluye: CD. | ||
| 502 | |a Tesis (Ingeniero de Sistemas)- UNI, 2013. | ||
| 520 | 3 | |a El proyecto de ampliación de los servicios de red de tecnología inalámbrica, será parte de los servicios básicos que se brindaran a los usuarios del parque tecnológico para el desarrollo de las actividades de transferencia de tecnología e innovación. | |
| 650 | 7 | |a REDES DE COMUNICACION - TECNOLOGIA INALAMBRICA | |
| 650 | 7 | |b INGENIERA DE COMUNICACIONES - USO - PARQUE TECNOLOGICO - UNI | |
| 650 | 7 | |c RED DE COMUNICACION DE DATOS | |
| 650 | 7 | |d ESTUDIO DE PREFACTIBILIDAD - MERCADO - ANALISIS - COMERCIALIZACION - ESTRATEGIA DE PRECIOS | |
| 700 | 1 | |a Tutor: |b Zúñiga Morales, Gonzalo de Jesús | |
| 942 | |c BK |2 ddc | ||
| 991 | |a TESIS | ||
| 999 | |c 15764 | ||